Handbook of transportation engineering

Saved in:
書目詳細資料
主要作者: Kutz, Myer (Author)
格式: 圖書
語言:英语
出版: Nueva York McGraw-Hill 2004
叢編:McGraw-Hill Handbooks
主題:
標簽: 添加標簽
沒有標簽, 成為第一個標記此記錄!

MARC

LEADER 00000nam a2200000 a 4500
001 UCI9298
003 CL-VaPUC
008 081106e20040000US |||||||||||||||||eng|d
020 |a 0071391223 
082 0 4 |a 629.04  |b KUT  |2 21 
100 |a Kutz, Myer  |e author  |9 532939 
245 1 0 |a Handbook of transportation engineering 
300 |a pág irreg 
942 |c BK 
945 |d 20081106 00:00:00  |a rbrito 
260 |a Nueva York  |b McGraw-Hill  |c 2004 
650 7 |a INGENIERIA EN TRANSPORTE  |2 CL-VaPUC  |9 447453 
650 7 |a TRANSPORTE  |2 CL-VaPUC  |9 256365 
650 7 |a TRAFICO URBANO  |2 CL-VaPUC  |9 532940 
650 7 |a TRANSPORTE EN CARRTERAS  |2 CL-VaPUC  |9 532941 
650 0 |a Carreteras  |9 260132 
650 7 |a CONGESTION DE TRANSITO  |2 CL-VaPUC  |9 532942 
650 7 |a SEÑALES DEL TRANSITO  |2 CL-VaPUC  |9 260770 
650 7 |a DISEÑO DEL TRANSITO  |2 CL-VaPUC  |9 532943 
650 0 |a Transporte marítimo  |9 260127 
650 0 |a Transportes aéreos  |9 260842 
583 |a last modification  |c 20081106 00:00:00  |k Rodrigo Vera 
490 0 |a McGraw-Hill Handbooks 
999 |c 331860  |d 331858 
952 |0 0  |1 0  |4 0  |6 629_040000000000000_KUT_2004  |7 0  |8 A  |9 419034  |a BIBING  |b BIBING  |d 2019-11-22  |i 4495527  |o 629.04 KUT 2004  |p 4495527  |r 2025-01-20  |w 2019-11-22  |y BK  |k TRA